1178 1384 1922 1019 1215 1504 1759 1534 1179 1009 1858 1291 1511 1117 1196 1333 1923 1779 1338 1709 1164 1714 1326 1747 1416 1391 1918 1175 1731 1344 1835 1301 1395 1602 1879 1287 1523 1967 1249 1355 1470 1939 1429 1816 1407 1087 1837 1000 1469 1966 1913 1390 1253 1284 1070 1168 1385 1928 1220 1974 1903 1870 1450 1972 1472 1266 1189 1820 1013 1947 1744 1624 1221 1943 1294 1069 1978 1937 1810 1346 1846 1667 1269 1479 1591 1367 1540 1463 1542 1203 1321 1033 1212 1726 1879 1304 1685 1759 1459 BCNSPRNW ULIB Ver.6.0+V

เปลี่ยนเป็นภาษาไทย

Change to English
 แสดงรายละเอียดบรรณานุกรม
  กลับหน้าหลัก

Brief Record : Get Marc (ISO 2709) : E-mail record : QR code < ปิดหน้าต่าง
LEADER : 00000nam 2200000uu 4500
001    13399126768
003     ULIB
008    190301s2561||||th 000 0 tha d
020    ^a9786164432086
060    ^aWY152^bศ499ก
100    ^aศิริอร สินธุ
245    ^aการจัดการรายกรณี โรคเรื้อรัง ค่าใช้จ่ายสูง
250    ^aพิมพ์ครั้งที่ 2
260    ^aกรุงเทพฯ :^bวัฒนาการพิมพ์,^c2561
300    ^a315 หน้า;^b21 ซม.
650    ^aการพยาบาล
650    ^aการจัดการรายกรณี, โรคเรื้อรัง
650    ^aการจัดการรายกรณี, โรคค่าใช้จ่ายสูง
945    ^p0^l0^i27170
999    ^aกัณชพร จุลอักษร
รายการนี้ยังไม่มีแท็ก
คุณยังไม่ได้ล็อกอิน คุณสามารถมีกิจกรรมร่วมกับเว็บไซต์ได้ แต่ต้องล็อกอินก่อน ::
  ล็อกอิน

รายการสื่อสารสนเทศ

ลำดับที่ ประเภท เลขเรียก/บาร์โค้ด สถานที่ สถานะ
1. วิทยาศาสตร์การแพทย์ และสุขภาพ
วิทยาศาสตร์การแพทย์ และสุขภาพ
WY152 ศ499ก ฉ.1 
  Barcode: 27170
ห้องสมุดวิทยาเขตนครสวรรค์
►หนังสือทั่วไป:l:General Books
บนชั้น

รายการใกล้เคียง
    ชื่อเรื่อง [การจัดการรายกรณี โรคเรื้อรัง ค่าใช้จ่ายสูง]

    ผู้แต่ง [ศิริอร สินธุ]

    หัวเรื่อง [การพยาบาล]
    หัวเรื่อง [การจัดการรายกรณี, โรคเรื้อรัง]
    หัวเรื่อง [การจัดการรายกรณี, โรคค่าใช้จ่ายสูง]

BibComment


ยังไม่เคยถูกคอมเมนท์

คอมเมนท์ทรัพยากรรายการนี้
  คอมเมนท์: การจัดการรายกรณี..


 Copyright 2026. Bcnsprnw @Library